01286nam a22001577a 4500008004100000020002900041050002200070100002500092245007300117260003000190300005200220505077500272650002301047650002101070650003701091120605t xxu||||| |||| 00| 0 eng d a0256220557 9780256220551 aHF5548.4.M525 H97 aHutchinson, Sarah E. aMicrosoft Office professional for Windows 95. /cSarah E. Hutchinson aChicago :b Irwin,c1996. a1 v. (various pagings) : col. b ill. ;c28 cm. aContents: Fundamentals -- Using wordpad and other accessories -- Managing files and disks -- Customizing windows -- Communicating beyond the desktop -- Fundamentals -- Formatting commands -- Editing and proofing -- Printing and document management -- Increasing your productivity -- Fundamentals -- Working with spreedsheets -- Increasing your productivity -- Managing a workbook -- Creating charts -- Fundamentals -- Working with tables -- Retrieving information -- Presentign your data -- Working with forms -- Fundamentals -- Creating a presentation -- Designing a presentation -- Adding a visual effects -- Notes, handouts, and printing -- Fundamentals -- Sharing Information -- Working with objects -- Working with binders -- Step- by step with OLE -- Comprehensive aMicrosoft Office.  aMicrosoft Word.  aMicrosoft Excel (Computer file)